| 000 | 00415cam a2200169ua 4500 | ||
|---|---|---|---|
| 041 |
_aeng _h |
||
| 082 |
_a338.9 _bkri/pl |
||
| 100 | _aKrishnamachari, V T . | ||
| 245 |
_aPlanning in India / _cV T Krishnamachari. _hTextual Documents |
||
| 250 |
_a1 / _b. |
||
| 260 |
_aBombay : _bOrient-Longman Ltd , _c1961. |
||
| 300 | _a287 ; . | ||
| 504 | _a | ||
| 942 | _cBK | ||
| 999 |
_c3319 _d3319 |
||